Syntéza a analýza efektívnych numerických algoritmov

Na minha lista:
Detalhes bibliográficos
Autor principal: Mikloško, Jozef
Formato: Livro
Idioma:eslovaco
Publicado em: Bratislava VEDA 1979
Tags: Adicionar Tag
Sem tags, seja o primeiro a adicionar uma tag!

MARC

LEADER 00000nam a2200000 4500
001 c119447
005 20170426143938.9
041 0 |a slo 
044 |a SK 
245 1 0 |a Syntéza a analýza efektívnych numerických algoritmov  |c Jozef Mikloško 
264 1 |a Bratislava  |b VEDA  |c 1979 
300 |a 219 s. 
100 1 |a Mikloško, Jozef